Southville International School and Colleges
Your cart is empty.
  • Cart
  • Lists
    Public lists Eva Luna New books Lux_list list_1
    Your lists Log in to create your own lists
  • Log in to your account
  • Your cookies
  • Search history
Southville International School and Colleges
  • Advanced search
  • Recent comments
  • Most popular
  • Libraries

Log in to your account

Log in with GOOGLE


If you do not have an external account, but do have a local account, you can still log in:

  1. Home
  2. MARC view: Community and public health nursing : promoting thepublic's health
Normal view MARC view ISBD view

Community and public health nursing : promoting thepublic's health (Record no. 365296)

[ view plain ]
MARC details
000 -LEADER
fixed length control field 00675nam a22002057a 4500
003 - CONTROL NUMBER IDENTIFIER
control field 0
005 - DATE AND TIME OF LATEST TRANSACTION
control field 20230913125905.0
008 - FIXED-LENGTH DATA ELEMENTS--GENERAL INFORMATION
fixed length control field 230913b xxu||||| |||| 00| 0 eng d
020 ## - INTERNATIONAL STANDARD BOOK NUMBER
International Standard Book Number 978-1-975164-44-7
050 ## - LIBRARY OF CONGRESS CALL NUMBER
Classification number RT 98
Item number .R43 2022
100 ## - MAIN ENTRY--PERSONAL NAME
Personal name Rector, Cherie
245 ## - TITLE STATEMENT
Title Community and public health nursing : promoting thepublic's health
Statement of responsibility, etc Cherie Rector
250 ## - EDITION STATEMENT
Edition statement Tenth edition
260 ## - PUBLICATION, DISTRIBUTION, ETC. (IMPRINT)
Place of publication, distribution, etc Philadelphia
Name of publisher, distributor, etc Wolters Kluwer
Date of publication, distribution, etc c2022.
300 ## - PHYSICAL DESCRIPTION
Extent xxiv, 892 pages :
Other physical details col. ill. ;
Dimensions 28 cm.
500 ## - GENERAL NOTE
General note Community health nursing.
504 ## - BIBLIOGRAPHY, ETC. NOTE
Bibliography, etc Includes bibliographical references, glossary and index. <br/>
650 ## - SUBJECT ADDED ENTRY--TOPICAL TERM
Topical term or geographic name as entry element Public health nursing.
942 ## - ADDED ENTRY ELEMENTS (KOHA)
Source of classification or shelving scheme Library of Congress Classification
Koha item type Books
Holdings
Withdrawn status Lost status Source of classification or shelving scheme Damaged status Home library Current library Shelving location Date acquired Source of acquisition Sub Shelving location Total Checkouts Total Renewals Full call number Barcode Date last seen Date checked out Price effective from Koha item type
    Library of Congress Classification   College Library College Library Reserve Section 09/13/2023 Library Fund   1 3 RT 98 .R43 2022 C22984 03/21/2024 02/16/2024 09/13/2023 Books

Community and public health nursing : promoting thepublic's health

APA

Rector C., . (2022). Community and public health nursing : promoting thepublic's health. Philadelphia: Wolters Kluwer.

Chicago

Rector Cherie, . 2022. Community and public health nursing : promoting thepublic's health. Philadelphia: Wolters Kluwer.

Harvard

Rector C., . (2022). Community and public health nursing : promoting thepublic's health. Philadelphia: Wolters Kluwer.

MLA

Rector Cherie, . Community and public health nursing : promoting thepublic's health. Philadelphia: Wolters Kluwer. 2022.

  • Place hold
  • Print
  • Cite
  • Add to your cart (remove)
  • Save record
    BIBTEX Dublin Core MARCXML MARC (non-Unicode/MARC-8) MARC (Unicode/UTF-8) MARC (Unicode/UTF-8, Standard) MODS (XML) RIS
  • More searches
    Search for this title in:
    Other Libraries (WorldCat) Other Databases (Google Scholar) Online Stores (Bookfinder.com) Open Library (openlibrary.org)

Exporting to Dublin Core...

SOUTHVILLE LIBRARY

Southville International School and Colleges Library

1281 Tropical Ave. Cor. Luxembourg St., BF Homes International, Las Pinas City

Tel. No. 8256374 / 252358 Loc. 117/146

Powered by Koha